01153pam a2200301 a 4500001000500000005001700005020001700022040002300039050001500062082001200077100002400089245008600113260003500199300003900234490003000273500002900303505000800332520017600340521002000516521002000536650002600556650002600582700003100608906004500639942001500684999001500699952013700714143420230908160155.0 a090129003990 aDLCcDLCdDLCbeng00aPZ7.O8116700aFic2211 aOsborne, Mary Pope.10aVacation under the volcano /cby Mary Pope Osborne ; illustrated by Sal Murdocca. aNew York :bRandom Housec1998 a74 pages :billustrations ;c20 cm aMagic Tree HousevBook 13 a"A Stepping Stone book." aG  aTheir magic tree house takes Annie and Jack to Pompeii just as Vesuvius is about to erupt, and they must find a Roman scroll before everything is covered with burning ash.0 a410 bLexile 0 aG bRaz-Plus  1aTime travelxFiction. 1aTree housesxFiction.1 aMurdocca, Saleillustrator a7bcbccorignewd1eocipf19gy-gencatlg 2ddccBKn0 c1434d1434 00102ddc40708JUVFa001b001cTTPd2023-08-24l2oOSB Fic PZ7.O81167pFISBK00116r2024-01-29 08:24:40s2024-01-22w2023-08-24yBK